[Event "III DOLNOSLASKA LIGA SZACHOWA 2019/2020"]
[Site "Dolny Slask"]
[Date "1899-12-30"]
[Round "3.23"]
[White "Machlowski, Slawomir"]
[Black "Zareba, Radoslaw"]
[Result "1-0"]
[WhiteTitle "I+"]
[BlackTitle "k"]
[WhiteElo "2121"]
[BlackElo "2119"]

1. g3 c5 2. Nf3 Nc6 3. Bg2 e5 4. c4 g6 5. O-O Bg7 6. Nc3 Nge7 7. a3 a5 8. d3 O-O
9. Bd2 d6 10. Rb1 h6 11. Ne1 Kh7 12. Nc2 Be6 13. b4 cxb4 14. axb4 d5 15. cxd5
Nxd5 16. bxa5 Nxa5 17. Nxd5 Bxd5 18. Bxd5 Qxd5 19. Ne3 Qd7 20. Bxa5 Rxa5 21. Rb6
Rfa8 22. Qb3 R8a7 23. Nc4 Ra2 24. e4 h5 25. h4 Qh3 26. Ne3 Qd7 27. Nc4 Qh3 28.
Qd1 Qd7 29. Qf3 R7a6 30. Rfb1 Rxb6 31. Rxb6 Ra6 32. Qe3 Bh6 33. Qf3 Rxb6 34. Nxb6
Qc7 35. Nd5 Qc1+ 36. Kg2 Kg8 37. Qf6 Bg7 38. Ne7+ Kf8 39. Nxg6+ Kg8 40. Qd8+ Kh7
41. Ne7 Kh6 42. Qg8 1-0

[Event "III DOLNOSLASKA LIGA SZACHOWA 2019/2020"]
[Site "Dolny Slask"]
[Date "1899-12-30"]
[Round "3.24"]
[White "Mondrzycki, Bartlomiej"]
[Black "Majocha, Piotr"]
[Result "1-0"]
[WhiteTitle "I+"]
[BlackTitle "I++"]
[WhiteElo "2128"]
[BlackElo "1820"]

1. e4 e6 2. d4 d5 3. Nc3 dxe4 4. Nxe4 Nd7 5. Nf3 Ngf6 6. Nxf6+ Nxf6 7. Bd3 c5 8.
Be3 cxd4 9. Bxd4 Be7 10. Qe2 O-O 11. O-O-O Qa5 12. Kb1 Nd5 13. Qe4 f5 14. Qe1
Qxe1 15. Rhxe1 Nf4 16. Bc4 Rd8 17. Be5 Rxd1+ 18. Rxd1 Ng6 19. Bc3 Nf8 20. h4 Bd7
21. Nd4 g6 22. Re1 Kf7 23. Nf3 Bf6 24. Ng5+ Bxg5 25. hxg5 Bc6 26. f3 Rd8 27. Kc1
Bd5 28. Bf1 Nd7 29. b3 a6 30. Bb2 Re8 31. c4 Bc6 32. b4 e5 33. Rd1 Ke6 34. Kd2
e4 35. f4 Nb6 36. Ke3 Re7 37. Be2 Rd7 38. Bd4 Nc8 39. Ra1 Ba4 40. Rh1 b5 41. Bc5
Nd6 42. Bxd6 Kxd6 43. c5+ Kd5 44. g4 a5 45. a3 axb4 46. axb4 fxg4 47. Bxg4 Ra7
48. Rh2 Kc4 49. c6 Kxb4 50. Kd4 Bb3 51. Bd7 Bg8 52. Rb2+ Ka5 53. Kc5 e3 54. Rb1
Ka4 55. Ra1+ Kb3 56. Rxa7 e2 57. Ra1 Kc3 58. c7 1-0

[Event "III DOLNOSLASKA LIGA SZACHOWA 2019/2020"]
[Site "Dolny Slask"]
[Date "1899-12-30"]
[Round "3.25"]
[White "Trusz, Julia"]
[Black "Kurtyka, Barbara"]
[Result "1-0"]
[WhiteTitle "I+"]
[BlackTitle "I"]
[WhiteElo "1562"]
[BlackElo "1831"]

1. e4 c5 2. Nf3 Nc6 3. Bb5 g6 4. O-O Bg7 5. c3 d6 6. h3 Nf6 7. Re1 O-O 8. d4 cxd4
9. cxd4 a6 10. Bxc6 bxc6 11. Nc3 Rb8 12. Rb1 Qc7 13. Be3 Nd7 14. Qc2 Nb6 15. b3
f5 16. Rbc1 fxe4 17. Qxe4 Bf5 18. Qh4 Qd7 19. Bg5 Bf6 20. Re3 Nd5 21. Nxd5 cxd5
22. Rce1 Rb7 23. Rxe7 Qxe7 24. Rxe7 Rxe7 25. Bxf6 Re6 26. Bg5 h5 27. Qg3 Kg7 28.
Bf4 Bb1 29. Bxd6 Rc8 30. Be5+ Kh6 31. Qf4+ g5 32. Qxg5+ Kh7 33. Qg7# 1-0

[Event "III DOLNOSLASKA LIGA SZACHOWA 2019/2020"]
[Site "Dolny Slask"]
[Date "1899-12-30"]
[Round "3.26"]
[White "Kmiecik, Wojciech"]
[Black "Klykow, Lukasz"]
[Result "1/2-1/2"]
[WhiteTitle "I+"]
[BlackTitle "k+"]
[WhiteElo "1947"]
[BlackElo "2211"]

1. d4 d5 2. Nf3 Nc6 3. Bf4 Bg4 4. e3 f6 5. Be2 Bxf3 6. Bxf3 e5 7. Bg3 exd4 8. exd4
Bd6 9. O-O Bxg3 10. hxg3 Nge7 11. Nc3 Qd7 12. a4 O-O-O 13. a5 h5 14. Na4 h4 15.
g4 Qd6 16. Nc5 b6 17. Na4 Nxa5 18. Qd3 Kb8 19. Qa6 Nec6 20. c3 Qf4 21. Qd3 Nb3
22. Rad1 Nca5 23. Rfe1 Rd7 24. Re6 c6 25. Rde1 Kb7 26. Re7 Rhd8 27. Qg6 Qg5 28.
Qf7 Kc7 29. Rxd7+ Rxd7 30. Qf8 Kb7 31. Qe8 Rc7 32. Qd8 Nd2 33. Bd1 Ne4 34. Bf3
Nd2 35. Bd1 Ne4 36. Bf3 1/2-1/2

[Event "III DOLNOSLASKA LIGA SZACHOWA 2019/2020"]
[Site "Dolny Slask"]
[Date "1899-12-30"]
[Round "3.27"]
[White "Zminda, Bogdan"]
[Black "Guziewicz, Wojciech"]
[Result "1-0"]
[WhiteTitle "k"]
[BlackTitle "I"]
[WhiteElo "2008"]
[BlackElo "1780"]

1. e4 c5 2. Nf3 Nc6 3. d4 cxd4 4. Nxd4 Nf6 5. Nc3 d6 6. Be2 Qb6 7. Nb3 a6 8. Be3
Qc7 9. g4 e6 10. g5 Nd7 11. f4 Na5 12. Qd4 Nc5 13. Nxa5 Qxa5 14. b4 Qb6 15. bxc5
dxc5 16. Qe5 Qa5 17. Kf2 Bd7 18. a4 O-O-O 19. Nb5 Bxb5 20. axb5 Qc7 21. Qxc7+
Kxc7 22. bxa6 b6 23. e5 Ra8 24. a7 1-0

[Event "III DOLNOSLASKA LIGA SZACHOWA 2019/2020"]
[Site "Dolny Slask"]
[Date "1899-12-30"]
[Round "3.28"]
[White "Mucha, Tomasz"]
[Black "Wrobel, Maciej"]
[Result "1-0"]
[WhiteTitle "II"]
[BlackTitle "I++"]
[WhiteElo "1475"]
[BlackElo "1947"]

1. e4 e5 2. Bc4 Nc6 3. Nf3 Nf6 4. Ng5 d5 5. exd5 Nd4 6. c3 b5 7. Bf1 Nxd5 8. Nxf7
Kxf7 9. cxd4 Bb7 10. dxe5 Nf4 11. Qb3+ Bd5 12. Qg3 Nh5 13. Qg4 g6 14. Bxb5 Qe7
15. d4 Rb8 16. Nc3 c6 17. Nxd5 cxd5 18. a4 a6 19. Qf3+ Kg7 20. Be2 Qb4+ 21. Qc3
Rc8 22. Qxb4 Bxb4+ 23. Kd1 Rhf8 24. Bxh5 gxh5 25. Be3 1-0

[Event "III DOLNOSLASKA LIGA SZACHOWA 2019/2020"]
[Site "Dolny Slask"]
[Date "1899-12-30"]
[Round "3.29"]
[White "Wrobel, Ewelina"]
[Black "Wilk, Aleksander"]
[Result "1/2-1/2"]
[WhiteTitle "I"]
[BlackTitle "II"]
[WhiteElo "1741"]
[BlackElo "1383"]

1. e4 c5 2. b3 Nc6 3. Bb2 d6 4. Nf3 Bg4 5. Be2 Nf6 6. d3 g6 7. h3 Bd7 8. Nc3 Bg7
9. Rb1 O-O 10. O-O Nh5 11. Re1 Nf4 12. Bf1 e5 13. Ne2 Nxe2+ 14. Qxe2 Nd4 15. Nxd4
cxd4 1/2-1/2

[Event "III DOLNOSLASKA LIGA SZACHOWA 2019/2020"]
[Site "Dolny Slask"]
[Date "1899-12-30"]
[Round "4.1"]
[White "Pyka, Roman"]
[Black "Klykow, Lukasz"]
[Result "0-1"]
[WhiteTitle "k"]
[BlackTitle "k+"]
[WhiteElo "1853"]
[BlackElo "2211"]

1. d4 d5 2. Nf3 Nc6 3. c4 Bg4 4. cxd5 Bxf3 5. gxf3 Qxd5 6. e3 e5 7. Nc3 Bb4 8.
Bd2 Bxc3 9. bxc3 Qd6 10. Qb3 O-O-O 11. Rb1 b6 12. Qxf7 Nh6 13. Qc4 Rhf8 14. Be2
Kb8 15. Rb2 Nf5 16. d5 Nce7 17. e4 Nh4 18. Rg1 Nxf3+ 19. Bxf3 Rxf3 20. Rxg7 Rxf2
21. Rxe7 Rxd2 22. Re6 Rxb2 23. Rxd6 Rxd6 24. h3 Rh6 25. Qa4 Kb7 26. Qe8 Rxa2 27.
h4 a5 28. c4 Rxh4 29. Qc6+ Kb8 0-1

[Event "III DOLNOSLASKA LIGA SZACHOWA 2019/2020"]
[Site "Dolny Slask"]
[Date "1899-12-30"]
[Round "4.2"]
[White "Zminda, Bogdan"]
[Black "Gromczak, Dariusz"]
[Result "1-0"]
[WhiteTitle "k"]
[BlackTitle "I+"]
[WhiteElo "2008"]
[BlackElo "1818"]

1. e4 b6 2. d4 Bb7 3. Nc3 g6 4. Nf3 Bg7 5. Bd3 e6 6. e5 d5 7. Bg5 Ne7 8. Qd2 h6
9. Bh4 Nd7 10. g4 a6 11. Ne2 c5 12. c3 b5 13. Nf4 g5 14. Nh5 Bxe5 15. Bxg5 hxg5
16. Nxe5 Nc6 17. Nxd7 Kxd7 18. dxc5 Ne5 19. Be2 Ng6 20. a4 bxa4 21. Rxa4 Bc6 22.
Rb4 Qe7 23. Qe3 a5 24. Rb6 Rhb8 25. O-O a4 26. f4 gxf4 27. Nxf4 Nxf4 28. Rxf4
a3 29. Rxb8 Rxb8 30. bxa3 Rb1+ 31. Kf2 e5 32. Rf5 Qh4+ 33. Qg3 Qxg3+ 34. Kxg3
Rb3 35. Rxf7+ Ke6 36. Rf3 Rxa3 37. c4 Ra2 38. cxd5+ Bxd5 39. Rf2 Rc2 40. g5 Rxc5
41. g6 Rc3+ 42. Kh4 e4 43. g7 Ke5 44. Bg4 Bc4 45. Rf8 Bb3 46. Qg8 Bxg8 47. Rxg8
Kf6 48. Rf8+ Kg7 49. Re8 e3 50. Kg5 Kf7 51. Re5 Kg7 52. h4 Kh7 53. h5 Kh8 54.
h6 Kg8 55. Re8+ 1-0

[Event "III DOLNOSLASKA LIGA SZACHOWA 2019/2020"]
[Site "Dolny Slask"]
[Date "1899-12-30"]
[Round "4.3"]
[White "Szablewski, Krzysztof"]
[Black "Wrobel, Maciej"]
[Result "0-1"]
[WhiteTitle "II"]
[BlackTitle "I++"]
[WhiteElo "1839"]
[BlackElo "1947"]

1. f4 e5 2. fxe5 d6 3. Nf3 dxe5 4. e4 Nc6 5. Bb5 Bc5 6. d3 Bg4 7. Nc3 Nge7 8. Na4
Qd6 9. h3 Bxf3 10. Qxf3 O-O 11. Bxc6 Bb4+ 12. Nc3 Nxc6 13. Be3 Nd4 14. Qd1 f5
15. O-O f4 16. Bd2 Qg6 17. Rf3 Nxf3+ 18. Qxf3 Qg3 19. Rf1 Qxf3 20. Rxf3 g5 21.
a3 Bc5+ 22. Kh2 h5 23. Na4 g4 24. Rf1 Bd6 25. c4 c6 26. b4 Rad8 27. Bc3 b5 28.
Nb2 Bc7 29. Be1 bxc4 0-1

[Event "III DOLNOSLASKA LIGA SZACHOWA 2019/2020"]
[Site "Dolny Slask"]
[Date "1899-12-30"]
[Round "4.4"]
[White "Wilgosz, Tomasz"]
[Black "Dudek, Wojciech"]
[Result "1-0"]
[WhiteTitle "II"]
[BlackTitle "I"]
[WhiteElo "1534"]
[BlackElo "1832"]

1. e4 c6 2. d4 d5 3. e5 Bf5 4. Nf3 e6 5. c4 dxc4 6. Bxc4 Bb4+ 7. Nc3 Ne7 8. O-O
Ba5 9. h3 h6 10. Bd3 O-O 11. Ne4 Bc7 12. Be3 Nd5 13. Qd2 Nxe3 14. fxe3 Nd7 15.
Qf2 Nxe5 16. Nxe5 Bxe5 17. Rad1 Bb8 18. Nc5 Bxd3 19. Rxd3 Qd6 20. Qf3 Qh2+ 21.
Kf2 Qd6 22. Nxb7 Qd5 23. Qxd5 cxd5 24. Rc1 a6 25. Ra3 e5 26. Rc6 exd4 27. exd4
Ba7 28. Nc5 Bxc5 29. Rxc5 Rab8 30. b3 Rb6 31. Rxd5 Rf6+ 32. Ke3 Rc8 33. Rc5 Re8+
34. Re5 Rc8 35. Kd3 Rc1 36. Re2 Rd1+ 37. Kc4 Rf4 38. Rxa6 Rfxd4+ 39. Kc3 Rd7 40.
Ra8+ Kh7 41. Rae8 R7d6 42. R8e4 f5 43. Re7 Rf6 44. a4 f4 45. Rf2 Rg1 46. b4 f3
47. gxf3 Rg3 48. Re3 Rxh3 49. a5 Rh1 50. b5 Rf5 51. Rb2 Ra1 52. b6 Rf8 53. Kb4
h5 54. b7 Rb8 55. Re7 h4 56. Kb5 Kh6 57. Kb6 1-0

[Event "III DOLNOSLASKA LIGA SZACHOWA 2019/2020"]
[Site "Dolny Slask"]
[Date "1899-12-30"]
[Round "4.5"]
[White "Gruz, Ewa"]
[Black "Wrobel, Ewelina"]
[Result "0-1"]
[WhiteTitle "I+"]
[BlackTitle "I"]
[WhiteElo "1474"]
[BlackElo "1741"]

1. d4 d5 2. c4 e6 3. Nf3 c6 4. e3 Bd6 5. Nc3 Nf6 6. Bd3 Nbd7 7. O-O O-O 8. e4 dxe4
9. Nxe4 Nxe4 10. Bxe4 h6 11. Bc2 Re8 12. Qd3 Nf8 13. c5 Bc7 14. Re1 b6 15. Qe4
Qd5 16. Qxd5 cxd5 17. Ba4 Rd8 18. b4 Rb8 19. b5 a6 20. c6 Ng6 21. Ba3 Ra8 22.
Bb4 axb5 23. Bxb5 Ba6 24. a4 Ra7 25. g3 Rda8 26. Bc3 Ne7 27. Kg2 Nf5 28. Rab1
Nd6 29. Bd2 Nc4 30. Bb4 Bxb5 31. axb5 Ra2 32. Kf1 R8a4 33. h4 Rc2 34. Re2 Rxe2
35. Kxe2 f6 36. Ke1 Kf7 37. Ng1 e5 38. Ne2 Ke6 39. Nc3 Ra8 40. Ne2 Ra2 0-1

[Event "III DOLNOSLASKA LIGA SZACHOWA 2019/2020"]
[Site "Dolny Slask"]
[Date "1899-12-30"]
[Round "4.6"]
[White "Daniel, Damian"]
[Black "Lipien, Wieslaw"]
[Result "1-0"]
[WhiteTitle "k"]
[BlackTitle "I++"]
[WhiteElo "2195"]
[BlackElo "2040"]

1. d4 Nf6 2. c4 g6 3. Nc3 Bg7 4. e4 d6 5. h3 O-O 6. Nf3 Nc6 7. Bg5 h6 8. Be3 e5
9. d5 Ne7 10. g4 c6 11. Qd2 cxd5 12. cxd5 b5 13. Bxb5 Qa5 14. Bd3 Rb8 15. a3 Ba6
16. Ra2 Bxd3 17. Qxd3 Rfc8 18. O-O Qc7 19. Rc1 Qd7 20. Nd2 g5 21. b4 Ng6 22. Rac2
h5 23. f3 Nf4 24. Bxf4 exf4 25. Ne2 Rxc2 26. Rxc2 a5 27. bxa5 Qa7+ 28. Kg2 Nd7
29. Nc4 hxg4 30. hxg4 Ne5 31. Nxe5 Bxe5 32. a6 Kg7 33. Rd2 Rb6 34. Nd4 Qxa6 35.
Nc6 Qxd3 36. Rxd3 Rb2+ 37. Kf1 f6 38. a4 Ra2 39. a5 Kf7 40. Ke1 Ke8 41. Kd1 Kd7
42. a6 Kc7 43. a7 Ra1+ 44. Kc2 Ra2+ 45. Kb3 Ra1 46. Kb4 Kb7 47. Rb3 Rxa7 48. Kc4+
Ka8 49. Rb8# 1-0

[Event "III DOLNOSLASKA LIGA SZACHOWA 2019/2020"]
[Site "Dolny Slask"]
[Date "1899-12-30"]
[Round "4.7"]
[White "Kmiecik, Wojciech"]
[Black "Dzikowski, Michal"]
[Result "0-1"]
[WhiteTitle "I+"]
[BlackTitle "k"]
[WhiteElo "1947"]
[BlackElo "2136"]

1. e4 c5 2. Nf3 e6 3. d4 cxd4 4. Nxd4 Nc6 5. Be2 Qc7 6. O-O Nf6 7. Nc3 a6 8. Nxc6
bxc6 9. Bf3 Be7 10. Ne2 d5 11. exd5 cxd5 12. Bf4 Qb6 13. c4 Bb7 14. Be3 Qb4 15.
cxd5 Bxd5 16. a3 Qb7 17. Qa4+ Qb5 18. Qxb5+ axb5 19. Bxd5 Nxd5 20. Bd4 O-O 21.
Nc3 Nxc3 22. Bxc3 Rfc8 23. Rfd1 f6 24. Rac1 Rc7 25. Bd4 Rac8 26. Rxc7 Rxc7 27.
Bc3 Bxa3 28. Bxf6 gxf6 29. bxa3 Ra7 30. Ra1 Ra4 31. Rb1 Rxa3 32. g3 Ra5 33. f4
Kf7 34. Kf2 e5 35. Ke3 Ke6 36. Rb3 Kd5 37. Kd3 e4+ 38. Ke3 f5 39. h3 Kc4 40. Rb1
Ra3+ 0-1

[Event "III DOLNOSLASKA LIGA SZACHOWA 2019/2020"]
[Site "Dolny Slask"]
[Date "1899-12-30"]
[Round "4.8"]
[White "Mondrzycki, Bartlomiej"]
[Black "Guziewicz, Wojciech"]
[Result "1-0"]
[WhiteTitle "I+"]
[BlackTitle "I"]
[WhiteElo "2128"]
[BlackElo "1780"]

1. e4 c5 2. Nc3 e6 3. f4 d5 4. exd5 exd5 5. Bb5+ Nc6 6. Qe2+ Nge7 7. Bxc6+ bxc6
8. Nf3 g6 9. Qe5 Rg8 10. O-O Bg7 11. Qe2 Kf8 12. d3 Bf6 13. Qf2 Qd6 14. Na4 c4
15. dxc4 Qb4 16. Nc5 Qxc4 17. b3 Qc3 18. Rb1 Qa5 19. Ne5 Qc7 20. Bb2 Bg7 21. Rbe1
f6 22. Nf3 Kf7 23. h3 Re8 24. g4 Kg8 25. Re2 Qxf4 26. Rfe1 Bf8 27. Ne6 Bxe6 28.
Rxe6 Kf7 29. Rxf6+ 1-0

[Event "III DOLNOSLASKA LIGA SZACHOWA 2019/2020"]
[Site "Dolny Slask"]
[Date "1899-12-30"]
[Round "4.9"]
[White "Wilk, Aleksander"]
[Black "Pietraszko, Jakub"]
[Result "0-1"]
[WhiteTitle "II"]
[BlackTitle "I"]
[WhiteElo "1383"]
[BlackElo "1783"]

1. e4 e6 2. d4 d5 3. exd5 exd5 4. Bd3 Nc6 5. c3 Bd6 6. h3 Nge7 7. Ne2 Bf5 8. Bg5
f6 9. Bh4 Qd7 10. Bg3 h5 11. Bxd6 Qxd6 12. Na3 O-O-O 13. Bxf5+ Nxf5 14. Qd3 Qd7
15. O-O-O g5 16. Nc2 Rde8 17. Rde1 Re4 18. Ng3 Nxg3 19. fxg3 Rhe8 20. Rxe4 dxe4
21. Qe2 Qf7 22. Kb1 f5 23. g4 hxg4 24. hxg4 f4 25. Rf1 Qh7 26. Re1 e3 27. Kc1
a6 28. Qf3 Rh8 29. Nxe3 fxe3 30. Rxe3 Qd7 31. Qf6 Rh1+ 32. Kc2 Qd8 33. Qf7 Rh8
34. d5 Nb8 35. Qf5+ Nd7 36. Qe6 Qf6 37. Qe4 Nc5 38. Qc4 Qb6 39. b4 Nd7 40. Re6
Qf2+ 41. Re2 Qf4 42. Re4 Qg3 43. Qe2 Nf6 44. Rd4 Re8 45. Qf1 Qe5 46. Qf3 Qe2+
47. Rd2 Qxf3 48. gxf3 Re3 49. Rd3 Rxd3 50. Kxd3 Nxd5 51. Kd4 c6 52. a3 Kd7 53.
c4 Nf4 54. Ke5 b6 55. c5 bxc5 56. bxc5 Ke7 57. Kf5 Nh3 58. Ke5 Nf4 59. Kf5 Ne6
60. Kg6 Nxc5 61. Kxg5 Ne6+ 62. Kf5 Kd6 63. f4 Kd5 64. g5 c5 65. Kf6 Nxf4 0-1

[Event "III DOLNOSLASKA LIGA SZACHOWA 2019/2020"]
[Site "Dolny Slask"]
[Date "1899-12-30"]
[Round "4.11"]
[White "Janocha, Wieslaw"]
[Black "Luba, Lukasz"]
[Result "1-0"]
[WhiteTitle "FM"]
[BlackTitle "I++"]
[WhiteElo "2253"]
[BlackElo "2178"]

1. e4 e5 2. Nf3 d6 3. d4 exd4 4. Qxd4 Nc6 5. Bb5 Bd7 6. Bxc6 bxc6 7. Nc3 Ne7 8.
Bg5 f6 9. Be3 Ng6 10. Qd2 Ne5 11. Nd4 Nc4 12. Qe2 Nxe3 13. Qxe3 g6 14. f4 Bg7
15. f5 Qe7 16. O-O g5 17. Rae1 Qf7 18. b3 O-O 19. Qd3 a5 20. Nf3 Rfe8 21. Nd2
Re7 22. Qc4 Bf8 23. Kf2 Kg7 24. Qxf7+ Kxf7 25. g4 Bc8 26. Rh1 Bb7 27. h4 h6 28.
Nf3 Rae8 29. hxg5 hxg5 30. Rh7+ Kg8 31. Rxe7 Rxe7 32. e5 dxe5 33. Ne4 Rf7 34.
Rd1 c5 35. Ke3 Bc6 36. Rd8 Kg7 37. Nfd2 Rd7 38. Rxd7+ Bxd7 39. a4 Kf7 40. Nc4
Bc6 41. Nxg5+ Ke7 42. Nxa5 Bh6 43. Nxc6+ Kd7 44. Ke4 Bxg5 45. Na5 c6 46. Nc4 Bf4
47. Kd3 Bh6 48. Nd2 c4+ 49. Nxc4 Bf8 50. Nd2 Be7 51. Ne4 Bd8 52. c4 Kc7 53. c5
Kb7 54. b4 Ka6 55. Kc4 1-0

[Event "III DOLNOSLASKA LIGA SZACHOWA 2019/2020"]
[Site "Dolny Slask"]
[Date "1899-12-30"]
[Round "4.12"]
[White "Laszewicz, Pawel"]
[Black "Kawaler, Adam"]
[Result "1-0"]
[WhiteTitle "k"]
[BlackTitle "I"]
[WhiteElo "2150"]
[BlackElo "1836"]

1. e4 c5 2. Nf3 e6 3. d4 cxd4 4. Nxd4 Nf6 5. Nc3 Bb4 6. e5 Ne4 7. Qg4 Nxc3 8. Qxg7
Rf8 9. a3 Be7 10. bxc3 a6 11. Bd3 Qc7 12. O-O Nc6 13. Nxc6 dxc6 14. Bh6 Bd7 15.
Qxh7 Qxe5 16. Bxf8 Bxf8 17. Rab1 O-O-O 18. Qxf7 Bd6 19. g3 Qxc3 20. Rb3 Qd4 21.
Qf3 Rh8 22. Qe3 Qd5 23. Be4 Qh5 24. h4 Qg4 25. Bf3 Qg7 26. Rd1 Bxg3 27. fxg3 Qxg3+
28. Bg2 Qxh4 29. Qh3 Qf6 30. Rf3 Qd8 31. Qg3 Rg8 32. Qf2 Qe7 33. Rf7 Rxg2+ 34.
Kxg2 Qg5+ 35. Kf1 1-0

[Event "III DOLNOSLASKA LIGA SZACHOWA 2019/2020"]
[Site "Dolny Slask"]
[Date "1899-12-30"]
[Round "4.13"]
[White "Dahche, Abdel-azziz"]
[Black "Machlowski, Slawomir"]
[Result "0-1"]
[WhiteTitle "II"]
[BlackTitle "I+"]
[WhiteElo "1526"]
[BlackElo "2121"]

1. e4 e6 2. d4 c5 3. Nf3 cxd4 4. c3 dxc3 5. Nxc3 Ne7 6. e5 Ng6 7. Bd3 d5 8. exd6
Bxd6 9. Qe2 O-O 10. O-O Nc6 11. Rd1 Qe7 12. Bg5 f6 13. Be3 Rd8 14. Rac1 Qf7 15.
Ne4 Nf4 16. Bxf4 Bxf4 17. Bb1 Bxc1 18. Rxc1 e5 19. Neg5 fxg5 20. Bxh7+ Kh8 21.
Nxg5 Qf4 22. h4 Qxc1+ 23. Kh2 Qf4+ 24. g3 Rd2 0-1

[Event "III DOLNOSLASKA LIGA SZACHOWA 2019/2020"]
[Site "Dolny Slask"]
[Date "1899-12-30"]
[Round "4.14"]
[White "Skiba, Aleksandra"]
[Black "Trusz, Julia"]
[Result "1/2-1/2"]
[WhiteTitle "I++"]
[BlackTitle "I+"]
[WhiteElo "1812"]
[BlackElo "1562"]

1. d4 Nf6 2. Nf3 c5 3. d5 b5 4. Bg5 Qb6 5. Nc3 d6 6. e4 b4 7. Bxf6 exf6 8. Nb1
Be7 9. Bd3 O-O 10. Nbd2 Nd7 11. Nc4 Qc7 12. O-O Ne5 13. Nfxe5 fxe5 14. f4 exf4
15. Rxf4 Bg5 16. Rf1 Ba6 17. Qg4 Bxc4 18. Qxg5 Bxd3 19. cxd3 Rae8 20. b3 Qb6 21.
Kh1 Re5 22. Rf5 Rfe8 23. Raf1 Rxf5 24. Qxf5 Qc7 25. h3 Qe7 26. Rf2 Rf8 27. Kg1
Re8 28. Kh1 Rf8 29. Kg1 Re8 30. Kh1 Rf8 1/2-1/2

[Event "III DOLNOSLASKA LIGA SZACHOWA 2019/2020"]
[Site "Dolny Slask"]
[Date "1899-12-30"]
[Round "4.15"]
[White "Kolasinski, Krzysztof"]
[Black "Walentukiewicz, Michal"]
[Result "1/2-1/2"]
[WhiteTitle "I++"]
[BlackTitle "CM"]
[WhiteElo "2125"]
[BlackElo "2039"]

1. d4 g6 2. Nf3 Bg7 3. c4 c5 4. Nc3 cxd4 5. Nxd4 Nc6 6. e3 Nf6 7. Be2 O-O 8. O-O
Nxd4 9. exd4 d5 10. cxd5 Nxd5 11. Bf3 Be6 12. Ne4 Bd7 13. Re1 Bc6 14. Be3 Nxe3
15. fxe3 e6 16. Nc5 Bxf3 17. Qxf3 b6 18. Ne4 Qd5 19. a3 Rac8 20. Rac1 Qd7 21.
h4 Rc7 22. h5 f5 23. Rxc7 Qxc7 24. Nc3 g5 25. Rd1 g4 26. Qf4 Qxf4 27. exf4 Rd8
28. Ne2 Rd5 1/2-1/2

[Event "III DOLNOSLASKA LIGA SZACHOWA 2019/2020"]
[Site "Dolny Slask"]
[Date "1899-12-30"]
[Round "4.16"]
[White "Wielosz, Jaroslaw"]
[Black "Luberanski, Jakub"]
[Result "1/2-1/2"]
[WhiteTitle "I++"]
[BlackTitle "I++"]
[WhiteElo "1984"]
[BlackElo "2015"]

1. c4 Nf6 2. Nc3 g6 3. Nf3 Bg7 4. g3 O-O 5. Bg2 d6 6. O-O Nc6 7. d3 e5 8. Rb1 a5
9. a3 Re8 10. Bg5 h6 11. Bxf6 Bxf6 12. b4 axb4 13. axb4 Bg7 14. e3 Be6 15. Nd2
Rb8 16. Nd5 Ne7 17. b5 f5 18. b6 Bxd5 19. bxc7 Qxc7 20. Bxd5+ Nxd5 21. cxd5 Rec8
22. Qb3 b5 23. Qb4 Qc3 24. Rfd1 Qxb4 25. Rxb4 Rc5 26. e4 fxe4 27. dxe4 Bf6 28.
Rdb1 Rc2 29. Nc4 Ra8 30. Ne3 Rc5 31. Rxb5 Rxb5 32. Rxb5 Ra4 33. Ng4 Bg7 34. Rb8+
Kf7 35. Rb7+ Kg8 36. f3 h5 37. Nf2 Bh6 38. Rb3 Ra1+ 39. Kg2 Ra2 40. h4 Bc1 41.
Kf1 Bb2 42. Nd3 Bd4 43. f4 Ra1+ 44. Ke2 Ra2+ 45. Kf3 Rd2 46. fxe5 dxe5 47. g4
hxg4+ 48. Kxg4 Kg7 49. d6 Kf6 50. Kf3 Ke6 51. Nb4 Kxd6 52. Nd5 Rf2+ 53. Kg3 Re2
54. Kf3 1/2-1/2

[Event "III DOLNOSLASKA LIGA SZACHOWA 2019/2020"]
[Site "Dolny Slask"]
[Date "1899-12-30"]
[Round "4.17"]
[White "Kanicki, Krzysztof"]
[Black "Kowalczyk, Wojciech"]
[Result "1-0"]
[WhiteTitle "k+"]
[BlackTitle "II+"]
[WhiteElo "2144"]
[BlackElo "1948"]

1. e4 c5 2. Nf3 d6 3. d4 cxd4 4. Nxd4 Nf6 5. Nc3 g6 6. Be3 Bg7 7. f3 O-O 8. Qd2
Nc6 9. O-O-O d5 10. exd5 Nxd5 11. Nxc6 bxc6 12. Bd4 Bxd4 13. Qxd4 Be6 14. Ne4
Qa5 15. Bc4 Rfd8 16. Qc5 Qc7 17. g3 Rab8 18. Rhe1 Qb7 19. Qa3 Qb4 20. Qxb4 Rxb4
21. b3 Bc8 22. Nc5 Kf8 23. Bf1 Rd6 24. Kb2 Nf6 25. c4 Rb8 26. g4 h6 27. Kc3 Bd7
28. Rd3 Rxd3+ 29. Bxd3 Rd8 30. Bc2 Bc8 31. b4 Nd7 32. Nd3 Nb6 33. a4 Be6 34. Bb3
g5 35. Re5 Nd7 36. Ra5 Ra8 37. c5 Bxb3 38. Kxb3 f6 39. b5 cxb5 40. axb5 Rc8 41.
c6 Nb6 42. Rxa7 Ke8 43. Kb4 Kd8 44. Kc5 Na8 45. b6 1-0

[Event "III DOLNOSLASKA LIGA SZACHOWA 2019/2020"]
[Site "Dolny Slask"]
[Date "1899-12-30"]
[Round "4.19"]
[White "Janikowska, Wiktoria"]
[Black "Andrzejewska, Miroslawa"]
[Result "1-0"]
[WhiteTitle "I"]
[BlackTitle "I"]
[WhiteElo "1355"]
[BlackElo "1487"]

1. e4 c6 2. d4 d5 3. Nc3 g6 4. Nf3 Bg7 5. Bf4 dxe4 6. Nxe4 Nf6 7. Nxf6+ Bxf6 8.
Bc4 O-O 9. O-O Bg4 10. c3 Nd7 11. h3 Bxf3 12. Qxf3 Nb6 13. Bb3 a5 14. a4 Nd5 15.
Bh6 Re8 16. Qd3 Qb6 17. Qc2 Rad8 18. Rae1 c5 19. dxc5 Qxc5 20. Qe4 b5 21. Rd1
Nc7 22. Be3 Qh5 23. axb5 Nxb5 24. Qc4 e6 25. Ba4 Rb8 26. Qf4 Be5 27. Qe4 Rec8
28. Rd7 Nc7 29. Bf4 f6 30. Bxe5 fxe5 31. Qc6 Ne8 32. Qxe6+ Kh8 33. Qe7 Rxb2 34.
Qf8# 1-0

[Event "III DOLNOSLASKA LIGA SZACHOWA 2019/2020"]
[Site "Dolny Slask"]
[Date "1899-12-30"]
[Round "4.20"]
[White "Mielczarek, Daniel"]
[Black "Markowski, Piotr"]
[Result "0-1"]
[WhiteTitle "I"]
[BlackTitle "k"]
[WhiteElo "1912"]
[BlackElo "2070"]

1. d4 Nf6 2. Bg5 e6 3. Nf3 c5 4. Bxf6 Qxf6 5. e3 b6 6. Nbd2 Bb7 7. Bd3 Be7 8. c3
O-O 9. O-O Nc6 10. Rc1 d6 11. Qe2 Rad8 12. h3 Qh6 13. e4 Bf6 14. dxc5 dxc5 15.
Rcd1 Ne5 16. Bc2 Ng6 17. Rfe1 Nf4 18. Qf1 Be7 19. e5 Nxg2 20. Qxg2 Rxd2 21. Rxd2
Bxf3 22. Qxf3 Qxd2 23. Qe4 g6 24. Rd1 Qg5+ 25. Kf1 Kg7 26. Bb3 Rd8 27. Rxd8 Bxd8
28. Qa8 Qc1+ 29. Kg2 Bh4 30. Qe4 Bg5 31. Qg4 Be7 32. Qe2 Qg5+ 33. Kf1 Qf5 34.
Kg2 Bd8 35. Qd2 Bg5 36. Qe2 Bf4 37. Bc2 Qg5+ 38. Qg4 Qxe5 39. Kf3 Bc1 40. Qe4
Qf6+ 41. Ke2 Bxb2 42. c4 Bd4 43. Qf3 Qg5 44. Qg3 Qc1 45. Qd3 a6 46. a4 f5 47.
Qd1 Qf4 48. Qg1 e5 49. Qg2 e4 50. Qg3 Qxg3 51. fxg3 Kf6 52. Bd1 Ke5 53. Kd2 g5
54. g4 f4 55. Bc2 f3 56. Ke1 Kf4 57. Bb1 e3 0-1

[Event "III DOLNOSLASKA LIGA SZACHOWA 2019/2020"]
[Site "Dolny Slask"]
[Date "1899-12-30"]
[Round "4.21"]
[White "Kowalczuk, Mikolaj"]
[Black "Dzieczkaniec, Piotr"]
[Result "1-0"]
[WhiteTitle "I"]
[BlackTitle "I"]
[WhiteElo "1928"]
[BlackElo "1844"]

1. e4 c5 2. Nf3 Nc6 3. d3 g6 4. g3 Bg7 5. Bg2 Nf6 6. O-O O-O 7. c3 d5 8. Nbd2 b6
9. e5 Ng4 10. d4 Nh6 11. Re1 Bg4 12. h3 Bf5 13. g4 Bd3 14. Nb3 c4 15. Bf4 f6 16.
Nc1 Be4 17. exf6 exf6 18. Qd2 Nf7 19. Ne2 Qd7 20. Ng3 Bd3 21. Nh2 Rad8 22. Nhf1
g5 23. Be3 Bg6 24. Bf3 Bd3 25. Nh5 Nh8 26. Nfg3 Ng6 27. b3 b5 28. b4 Nh4 29. Bh1
h6 30. a4 bxa4 31. Qa2 f5 32. Nxg7 Kxg7 33. gxf5 Bxf5 34. Qxa4 Bxh3 35. b5 Qf7
36. Kh2 Bc8 37. bxc6 a6 38. Qd1 Qe6 39. Qe2 Qh3+ 40. Kg1 Qe6 41. Bd2 Qxc6 42.
Qe5+ Kg6 43. Qe2 Qd7 44. Rab1 Rf6 45. Qh5+ Kg7 46. Bxg5 hxg5 47. Qxg5+ Rg6 48.
Re7+ 1-0

[Event "III DOLNOSLASKA LIGA SZACHOWA 2019/2020"]
[Site "Dolny Slask"]
[Date "1899-12-30"]
[Round "4.22"]
[White "Zak, Pawel"]
[Black "Witkowski, Krzysztof"]
[Result "0-1"]
[WhiteTitle "I"]
[BlackTitle "I"]
[WhiteElo "1773"]
[BlackElo "1743"]

1. b4 e5 2. a3 d5 3. Bb2 Bd6 4. Nf3 Qe7 5. e3 Nf6 6. c4 c6 7. Be2 O-O 8. Nc3 dxc4
9. Bxc4 b5 10. Be2 a5 11. bxa5 Rxa5 12. O-O e4 13. Nd4 Bxa3 14. Qb3 Bb4 15. Rxa5
Bxa5 16. Ra1 Bc7 17. d3 exd3 18. Bxd3 Ng4 19. g3 Rd8 20. Bf5 Bxf5 21. Nxf5 Qg5
22. e4 Bb6 23. Nd1 g6 24. h4 Qd2 25. Nfe3 Nxf2 26. Nxf2 Bxe3 27. Rf1 Rd3 28. Qa2
Bxf2+ 29. Kh1 Qe2 30. Qa1 Qf3+ 31. Kh2 Qxg3+ 0-1

[Event "III DOLNOSLASKA LIGA SZACHOWA 2019/2020"]
[Site "Dolny Slask"]
[Date "1899-12-30"]
[Round "4.23"]
[White "Murawski, Eugeniusz"]
[Black "Stasinkiewicz, Aleksander"]
[Result "1-0"]
[WhiteTitle "I+"]
[BlackTitle "II"]
[WhiteElo "1831"]
[BlackElo "1691"]

1. e4 e5 2. Nf3 Nc6 3. Bb5 a6 4. Ba4 Nf6 5. O-O Be7 6. Re1 b5 7. Bb3 O-O 8. c3
d5 9. exd5 Nxd5 10. Nxe5 Nxe5 11. Rxe5 Nf6 12. d4 Bd6 13. Re1 Ng4 14. h3 Qh4 15.
Qf3 Nxf2 16. Qxf2 Bg3 17. Qxf7+ 1-0